Kendrick Lamar - DAMN. Sudden Death - Statistics

General Stats
  • This quiz has been taken 104 times
  • The average score is 11 of 14
Answers on the Grid
Answers color-coded by a green-red scale on the quiz's grid according to % correct below.
CROWN
FEAR
HUMBLE
ALRIGHT
YAH
COMPTON
LOYALTY
SAVIOR
XXX
LOVE
REAL
BLOOD
INSTITUTIONALIZED
PRIDE
THE HEART PART 4
FEEL
GLORIA
GOD
MIRROR
DNA
A.D.H.D
MOMMA
ELEMENT
H.O.C
LUST
I
DUCKWORTH
EUPHORIA
 
Answer Stats
Answer % Correct
HUMBLE
94%
LOYALTY
89%
LOVE
87%
FEAR
84%
DNA
83%
PRIDE
81%
XXX
81%
ELEMENT
80%
DUCKWORTH
79%
FEEL
74%
LUST
73%
YAH
73%
BLOOD
70%
GOD
69%
No matching quizzes found
Score Distribution
Percent of People with Each Score
Percentile by Number Answered
Your Score History
You have not taken this quiz